One Word Clues: TV Quiz Stats

 Plays Quiz Updated Jun 12, 2018

Score 0/26 Timer 07:00
6 Plays Today
Clue Series % Correct
Yabba-dabba-dooThe Flintstones
83.8%
LifelineWho Wants To Be A Millionaire
69.1%
WisteriaDesperate Housewives
66.8%
UrkelFamily Matters
64.2%
Norrrm!Cheers
64%
FestivusSeinfeld
62%
MifflinThe Office (US)
59.9%
Aaaaaaaay!Happy Days
58%
ImmunitySurvivor
57.2%
KoreaM*A*S*H
56.2%
PlinkoThe Price Is Right
53.2%
Exxxxcellent!The Simpsons
52%
OceanicLOST
47.4%
Clue Series % Correct
ZoidbergFuturama
43.6%
BazingaThe Big Bang Theory
43%
VicodinHouse MD
41.8%
DilithiumStar Trek
37.4%
QuickstepDancing With The Stars
33.2%
JaywalkingThe Tonight Show / The Jay Leno Show
32.4%
TardisDoctor Who
32.1%
HossBonanza
31.6%
XanderBuffy The Vampire Slayer
30.4%
CylonBattlestar Galactica
30.1%
SouthforkDallas
29.8%
Gamma-rayThe Incredible Hulk
15.9%
RambaldiAlias
9.7%

You're not logged in!

Compare scores with friends on all Sporcle quizzes.
OR
Log In

Sporcle TV

Today on Sporcle TV


Watch our educational content, quiz creation guides, and fun videos on Sporcle TV.

Show Comments

Extras

Top Quizzes Today


Score Distribution

Your Account Isn't Verified!

In order to create a playlist on Sporcle, you need to verify the email address you used during registration. Go to your Sporcle Settings to finish the process.

Report this User

Report this user for behavior that violates our Community Guidelines.

Details: